000 00698nam a2200229 a 4500
001 000021666
005 20200930011414.0
008 100909s1970 sp r 000 j spa d
040 _aDO-SdBNP
_bspa
_cBNPHU
082 _a863.5
_bP226i
100 1 _aPardo Bazán, Emilia,
_ccondesa de,
_d1852-1921
_93459
245 1 3 _aInsolación /
_cEmilia Pardo Bazán ; introducción de José Hesse.
260 _aMadrid :
_bTaurus,
_c1970.
300 _a194 p. ;
_c18 cm.
490 1 _aTemas de España
_v86
650 4 _aNovela española
_91123
650 4 _aLiteratura española
_9632
700 1 _aHesse, José,
_eintrod.
_96736
830 0 _aTemas de España ;
_v86
_96849
910 _aWM
049 _aBNGR
999 _c21165
_d21165